Indian journal of science and technology (Record no. 194046)

000 -LEADER
fixed length control field 00364nam a2200121Ia 4500
008 - FIXED-LENGTH DATA ELEMENTS--GENERAL INFORMATION
fixed length control field 220901s9999||||xx |||||||||||||| ||und||
082 ## - DEWEY DECIMAL CLASSIFICATION NUMBER
Classification number 505 GAJ
100 ## - MAIN ENTRY--PERSONAL NAME
Personal name Gajendran, Natarajan
245 #0 - TITLE STATEMENT
Title Indian journal of science and technology
250 ## - EDITION STATEMENT
Edition statement Vol. 8 Issue No. 4, 5 & 6
260 ## - PUBLICATION, DISTRIBUTION, ETC.
Name of publisher, distributor, etc. Indian Society of Education and Environment
Date of publication, distribution, etc. 2015
650 ## - SUBJECT ADDED ENTRY--TOPICAL TERM
Topical term or geographic name entry element Humanities
Holdings
Withdrawn status Lost status Damaged status Not for loan Home library Current library Shelving location Date acquired Full call number Barcode Date last seen Price effective from Koha item type
        Central Library Central Library Book Cart 09/01/2022 505 GAJ BV777 09/01/2022 09/01/2022 Bound Volumes

Powered by Koha